000 00445nam a2200181Ia 4500
005 20240610004342.0
008 240331s9999 xx 000 0 und d
020 _a8171003206
082 _bSEH
_a344
100 _aSehgal, B.P.S
245 0 _aWomen, birthcontrol and the law
260 _aNew Delhi
_bDEEP & DEEP Publications
_c1991
300 _a183 p.,
650 _aWomen
650 _aLaw
650 _aReproductive Health
942 _cL
999 _c2833
_d2833